Công nghệ phần mềm /

में बचाया:
ग्रंथसूची विवरण
मुख्य लेखक: Lê Đức Trung
स्वरूप: पुस्तक
भाषा:Vietnamese
प्रकाशित: Khoa học và kỹ thuật 2002
टैग : टैग जोड़ें
कोई टैग नहीं, इस रिकॉर्ड को टैग करने वाले पहले व्यक्ति बनें!
Thư viện lưu trữ: Mạng thư viện Đại học Đà Nẵng
LEADER 00627nam a2200265 4500
001 000027156
003 CMEM2
005 20150406120000.0
008 150406s vm 000 vie
020 |c 0,0000 
040 |a notts 
100 |a Lê Đức Trung 
245 |a Công nghệ phần mềm /  |c Lê Đức Trung. 
260 |b Khoa học và kỹ thuật  |c 2002 
OWN |a LTT 
999 |a From the UDN01 
TYP |a Monograph 
TYP |a Printed language 
980 |a Mạng thư viện Đại học Đà Nẵng